000 00493nam a2200229Ia 4500
003 IT-RoPAU
008 120407s9999 xx 000 0 und d
040 _aIT-RoPAU
040 _cIT-RoPAU
041 _aita
100 _aHeinz Schurmann
245 _aPadre nostro . La preghiera del Signore
250 _aMilano
260 _aJaca Book
260 _c1983
300 _a200 p.
300 _c18 cm
490 _aGiĆ  e non ancora
490 _v65
942 _cBK
999 _c28330
_d28330